ბათუმის შოთა რუსთაველის სახელმწიფო უნივერსიტეტის ბიბლიოთეკა

Государство и право. №10. 2013. (ბიბ.ჩანაწერი № 41480)

000 -LEADER
fixed length control field 00603nam a2200217Ia 4500
001 - CONTROL NUMBER
control field 8147
003 - CONTROL NUMBER IDENTIFIER
control field GE_BSU
008 - FIXED-LENGTH DATA ELEMENTS--GENERAL INFORMATION
fixed length control field 181216s||||||||xx |||||||||||||| ||und||
040 ## - CATALOGING SOURCE
Transcribing agency GE_BSU
245 ## - TITLE STATEMENT
Title Государство и право. №10. 2013.
245 ## - TITLE STATEMENT
Remainder of title октябрь, 2013
245 ## - TITLE STATEMENT
Statement of responsibility, etc. Гл. ред. А.С.Автономов
260 ## - PUBLICATION, DISTRIBUTION, ETC.
Place of publication, distribution, etc. москва
260 ## - PUBLICATION, DISTRIBUTION, ETC.
Name of publisher, distributor, etc. Наука
260 ## - PUBLICATION, DISTRIBUTION, ETC.
Date of publication, distribution, etc. 2013
300 ## - PHYSICAL DESCRIPTION
Extent 128ст;29см.
520 ## - SUMMARY, ETC.
Summary, etc. Выходит 12 раз в год
653 ## - INDEX TERM--UNCONTROLLED
Uncontrolled term Государство и право.
653 ## - INDEX TERM--UNCONTROLLED
Uncontrolled term პერიოდიკა
942 ## - ADDED ENTRY ELEMENTS (KOHA)
Koha item type პერიოდიკა
ეგზემპლარები
Withdrawn status Lost status Damaged status Not for loan Date acquired Barcode Date last seen Price effective from Koha item type
        2018-12-17 p75918 2018-12-17 2018-12-17 პერიოდიკა